000 00381nam a2200169Ia 4500
008 220531s9999 xx 000 0 und d
041 _aeng
082 _bDRA
100 _aDrabble, M.
_937998
245 _aMilestone
260 _bpengain
_c1995
300 _a172
542 _d28-11-1997
650 _aEnglish
_937999
906 _d1997-1998
_f5594
999 _c23053
_d23053